000 00491nam a2200205Ia 4500
008 170918s9999 xx 000 0 und d
020 _a9780590411592
050 _bL366 1988
100 _aLauber, Patricia
245 _aLost star :
245 _bthe story of Amelia Earhart /
245 _cPatricia Lauber.
260 _aNew York :
260 _bScholastic,
260 _c1988
300 _a106 pages :
300 _bcolored illustration ;
300 _c19cm.
500 _a870
999 _c342122
_d342122